|
|
|
|
| LEADER |
00000nas a2200000 a 4500 |
| 001 |
ssj0026118 |
| 003 |
WaSeSS |
| 005 |
20200512172242.0 |
| 006 |
m d |
| 007 |
cr n |
| 008 |
890922c19879999cl fr p s 0 b0eng c |
| 010 |
|
|
|a 90661550
|
| 016 |
7 |
|
|a 009222455
|2 Uk
|
| 022 |
|
|
|l 0716-5927
|y 0716-5927
|
| 035 |
|
|
|a (WaSeSS)ssj0026118
|
| 040 |
|
|
|a CUS
|b eng
|c CUS
|d DLC
|d NST
|d CUS
|d SYS
|d OCLCQ
|d DLC
|d DIBAM
|d OCLCQ
|d UKMGB
|d OCLCF
|d CUS
|d RDF
|d OCLCO
|d WaSeSS
|
| 041 |
0 |
|
|a eng
|a spa
|
| 042 |
|
|
|a pcc
|
| 043 |
|
|
|a cl-----
|a d------
|
| 050 |
0 |
0 |
|a HB1.A1
|b R4
|
| 210 |
0 |
|
|a Rev. anal. econ.
|b (Impr.)
|
| 222 |
|
0 |
|a Revista de análisis económico
|b (Impresso)
|
| 245 |
0 |
0 |
|a Revista de análisis económico
|h [electronic resource] /
|c Programa de Postgrado en Economía, ILADES/Georgetown University.
|
| 260 |
|
|
|a Santiago, Chile :
|b Programa de Postgrado en Economía, ILADES/Georgetown University,
|c 1987-
|
| 310 |
|
|
|a Semiannual
|
| 362 |
0 |
|
|a Vol. 2, no. 2 (nov. 1987)-
|
| 500 |
|
|
|a Title from cover.
|
| 506 |
|
|
|a License restrictions may limit access.
|
| 546 |
|
|
|a English and Spanish.
|
| 648 |
|
7 |
|a Since 1982
|2 fast
|
| 650 |
|
0 |
|a Economics
|v Periodicals.
|
| 650 |
|
7 |
|a ECONOMIA
|x PUBLICACIONES PERIODICAS.
|2 renib
|
| 650 |
|
7 |
|a Economic history.
|2 fast
|0 (OCoLC)fst00901974
|
| 650 |
|
7 |
|a Economics.
|2 fast
|0 (OCoLC)fst00902116
|
| 651 |
|
0 |
|a Latin America
|x Economic conditions
|y 1982-
|v Periodicals.
|
| 651 |
|
0 |
|a Developing countries
|x Economic conditions
|v Periodicals.
|
| 651 |
|
7 |
|a Developing countries.
|2 fast
|0 (OCoLC)fst01242969
|
| 651 |
|
7 |
|a Latin America.
|2 fast
|0 (OCoLC)fst01245945
|
| 655 |
|
0 |
|a Electronic journals.
|
| 710 |
2 |
|
|a Programa de Postgrado en Economía.
|
| 780 |
0 |
0 |
|t Análisis económico (Universidad de Santiago de Chile. Departamento de Economía)
|x 0716-4424
|w (DLC) 89661264
|w (OCoLC)20487881
|
| 850 |
|
|
|a DLC
|a NjP
|
| 853 |
0 |
0 |
|8 1
|a v.
|b no.
|i (year)
|j (month)
|
| 856 |
4 |
0 |
|z Full text available from PRISMA Database with HAPI Index: 01/01/2009 to 10/31/2016
|u https://search.proquest.com/publication/237813
|
| 863 |
4 |
1 |
|8 1
|a <2>
|b <2>
|i <1987>
|j <nov.>
|x provisional
|